00773nam a22001937a 4500003000200000005001700002008004100019050003400060100002500094245013200119260009000251300002800341504004400369650002700413650003500440650003900475650003400514650003100548020250131135526.0140923b xxu||||| |||| 00| 0 eng d aPGS ML 3918.S63b.Ab155 2014  aAboughaula, Alyah L. aMusic preferences and social skills of grade 7 students of Southville International School and Colleges /cAlyah L. Aboughaula. aLas Piñas City, Philippines :bSouthville International School and Colleges,c2014. a30 p. :bill. ;c28 cm. aIncludes bibliographical references.  aMusicvSocial aspects. aMusic vPsychological aspects. aMusic preferencesvSocial aspects. aSocial skills in adolescence. aMusicvEffect on behavior.